| 000 | 00651cam a2200217 a 4500 | ||
|---|---|---|---|
| 001 | 4313993 | ||
| 005 | 20240202002212.0 | ||
| 008 | 870814s1988 maua b 001 0 eng | ||
| 020 | _a0674698428 (alk. paper) | ||
| 020 | _a0674698436 (pbk. : alk. paper) | ||
| 040 |
_aDLC _cDLC _dDLC |
||
| 082 | 0 | 0 |
_a306. _219 _bPRE. |
| 100 | 1 | _aClifford, James, | |
| 245 | 1 | 4 |
_aThe predicament of culture : _btwentieth-century ethnography, literature, and art / _cJames Clifford. |
| 260 |
_aCambridge, Mass. : _bHarvard University Press, _c1988. |
||
| 300 | _axii, 381 p. : | ||
| 500 | _aIncludes index. | ||
| 650 | 0 | _aEthnology | |
| 650 | 0 | _aEthnology | |
| 942 | _cL | ||
| 999 |
_c264 _d264 |
||